Iran: (Record no. 1434615)

MARC details
000 -LEADER
fixed length control field 00650nam a22002177a 4500
005 - DATE AND TIME OF LATEST TRANSACTION
control field 20250807153224.0
008 - FIXED-LENGTH DATA ELEMENTS--GENERAL INFORMATION
fixed length control field 250807b |||||||| |||| 00| 0 eng d
020 ## - INTERNATIONAL STANDARD BOOK NUMBER
International Standard Book Number 978 0 300 11254 2 (hbk)
037 ## - SOURCE OF ACQUISITION
Terms of availability TB
040 ## - CATALOGING SOURCE
Original cataloging agency AL
Transcribing agency AL
041 ## - LANGUAGE CODE
Source of code ENG
Language code of text/sound track or separate title ENG
084 ## - COLON CLASSIFICATION NUMBER
Classification number V45.P Q7
Assigning agency AL
100 ## - MAIN ENTRY--PERSONAL NAME
Personal name Amanat, Abbas
9 (RLIN) 817469
245 ## - TITLE STATEMENT
Title Iran:
Remainder of title Modern history
260 ## - PUBLICATION, DISTRIBUTION, ETC.
Place of publication, distribution, etc. London, UK:
Name of publisher, distributor, etc. Yale University Press,
Date of publication, distribution, etc. 2017.
300 ## - PHYSICAL DESCRIPTION
Extent xiii,979p.
365 ## - TRADE PRICE
Price amount 40.00
Currency code USD
650 ## - SUBJECT ADDED ENTRY--TOPICAL TERM
Source of heading or term IRAN - HISTORY
942 ## - ADDED ENTRY ELEMENTS (KOHA)
Source of classification or shelving scheme Colon Classification (CC)
Koha item type Textbook
Classification part V45.P Q7
Suppress in OPAC No
Holdings
Withdrawn status Lost status Source of classification or shelving scheme Damaged status Not for loan Home library Current library Date acquired Source of acquisition Cost, normal purchase price Inventory number Total Checkouts Full call number Barcode Date last seen Price effective from Koha item type
    Colon Classification (CC)     Arts Library Arts Library 2025-08-07 Elite Publishers Distributors 40.00 13524 & 19/03/2018   V45.P Q7 AL1632462 2025-08-07 2025-08-07 Textbook
Copyright @ Delhi University Library System